| 000 | 01251cam a2200265 4500 | ||
|---|---|---|---|
| 008 | 031029n2003 000 0 eng u | ||
| 020 | _a0199264104 | ||
| 035 | _a(Sirsi) u124136 | ||
| 041 | _aeng | ||
| 050 |
_a341.442 _c18 |
||
| 100 | _aMcCaffrey, Stephen C. | ||
| 245 | 4 |
_aThe law of international watercourses _bnon-navigational uses |
|
| 260 |
_aOxford _bOxford University Press _c2003 |
||
| 300 |
_axxxii, 514p. _c24cm. |
||
| 350 | _a30 | ||
| 520 | _aThis text examines the rules governing the uses of international watercourses. Contains a chapter on the Convention on the Law of the Non-Navigational uses of International Watercourses 1997 and examines the factual and legal context in which it should be understood. Also studies the major cases and controversies concerning international watercourses as a background against which to consider the basic rights and obligations of states. Tables of international treaties and cases. | ||
| 650 | _aWATER MANAGEMENT | ||
| 650 | _aWATER SUPPLY | ||
| 650 | _aCONVENTION ON THE LAW OF THE NON-NAVIGATIONAL USES OF INTERNATIONAL WATERCOURSES 1997 | ||
| 650 | _aGROUNDWATER | ||
| 650 | _aENVIRONMENTAL MANAGEMENT | ||
| 650 | _aWATER LAW | ||
| 690 |
_aEnvironment _96238 |
||
| 942 | _n0 | ||
| 999 |
_c103165 _d103165 |
||